000 00252nmm a2200085Ia 4500
008 220120s9999||||xx |||||||||||||||||und||
100 _aPCQ-October-2005
_910814
245 0 _aExclusive 30 minutes tech video, highres photos of products
260 _bNew Delhi
999 _c138707
_d138707